| Tag |
First Indicator |
Second Indicator |
Subfields |
| LEADER |
00000cam a22000005a 4500 |
| 001 |
in00001114021 |
| 005 |
20150930062622.0 |
| 008 |
930415s1993 ilua b 000 0 eng d |
| 035 |
|
|
|a (OCoLC)27924702
|
| 035 |
|
|
|9 AFV6461AM
|
| 040 |
|
|
|a GZM
|c GZM
|d TXA
|d UtOrBLW
|
| 049 |
|
|
|a TXAM
|
| 090 |
|
|
|a QE105
|b .A16 no.98
|
| 245 |
0 |
0 |
|a Geology of the Waltersburg Quadrangle, Pope County, Illinois /
|c C. Pius Weibel [and others].
|
| 264 |
|
1 |
|a Champaign, IL :
|b Illinois State Geological Survey,
|c 1993.
|
| 300 |
|
|
|a 41 pages :
|b illustrations ;
|c 28 cm.
|
| 336 |
|
|
|a text
|b txt
|2 rdacontent
|
| 337 |
|
|
|a unmediated
|b n
|2 rdamedia
|
| 338 |
|
|
|a volume
|b nc
|2 rdacarrier
|
| 490 |
1 |
|
|a Illinois State Geological Survey bulletin ;
|v no. 98
|
| 504 |
|
|
|a Includes bibliographical references (pages 39-41).
|
| 650 |
|
0 |
|a Geology
|z Illinois
|z Pope County.
|
| 700 |
1 |
|
|a Weibel, C. Pius.
|
| 710 |
2 |
|
|a Illinois State Geological Survey.
|
| 830 |
|
0 |
|a Bulletin (Illinois State Geological Survey) ;
|v no. 98.
|
| 999 |
|
|
|a MARS
|
| 999 |
f |
f |
|s 71e27919-6162-3912-984c-2e4185b988c9
|i 8927504c-72e9-3701-83d0-5832f1366cc1
|t 0
|
| 952 |
f |
f |
|p ric
|a Texas A&M University
|b Rellis Campus
|c Joint Library Facility
|d Remote Storage
|t 0
|e QE105 .A16
|h Library of Congress classification
|i unmediated -- volume
|k no.98
|m A14817054091
|
| 998 |
f |
f |
|a QE105 .A16
|s no.98
|t 0
|l Remote Storage
|